000 00434nam a2200133Ia 4500
005 20260328101449.0
008 260328s9999||||xx |||||||||||||| ||und||
100 _aBasualdo, Guillermo
245 0 _aPremio anual de Arquitectura, Urbanismo, Investigación y teoría - 1999 /
_cGuillermo Basualdo
260 _bColegio de Arquitectos de la Provincia de Buenos Aires
300 _a179 p.
650 _aARQUITECTURA REGIONAL
942 _cBK
999 _c8591
_d8591